Transforming masculinities : men, cultures, bodies, power, sex and love

Αποθηκεύτηκε σε:
Λεπτομέρειες βιβλιογραφικής εγγραφής
Κύριος συγγραφέας: Seidler, Victor J. 1945-
Μορφή: Βιβλίο
Γλώσσα:English
Δημοσίευση: London : Routledge, 2006
Θέματα:
Ετικέτες: Προσθήκη ετικέτας
Δεν υπάρχουν, Καταχωρήστε ετικέτα πρώτοι!

MARC

LEADER 00000nam a2200000 i 4500
001 1/70998
008 080117s2006 eng d
020 |a 9-78-0-415-37074-5 (pbk) 
020 |a 0-415-37074-4 (pbk) 
035 |l 10093809 
040 |a GR-MY-UA  |b gre  |e aacr 
041 0 |a eng 
082 0 |a 305.31  |2 (22) 
100 1 |a Seidler, Victor J.  |d 1945- 
245 1 0 |a Transforming masculinities :  |b men, cultures, bodies, power, sex and love /  |c Victor J Seidler 
260 |a London :   |b Routledge,   |c 2006 
300 |a xxvii, 180 σ.;  |c 24 εκ.  
504 |a Βιβλιογραφία: σ. [160]-175 
504 |a Ευρετήριο: σ. [176]-180 
650 0 0 |a Men  |x Social conditions. 
650 0 0 |a Men  |x Psychology. 
650 0 0 |a Men  |x Identity. 
650 0 0 |a Masculinity. 
650 0 0 |a Sex role. 
852 |a INST  |b LESVOS  |e 20080117  |h 305.31 SEI  |p 005100040882  |q 005100040882  |t BK  |y 0 
901 |a BIBL1-2008-1 
909 |a Λ  |b 142737 
922 |a 1ΕΛΗ  |b 200712  |c ΕΠΕΑΕΚ2/ΤΚΑ  |d ΕΛΕΥΘΕΡΟΥΔΑΚΗΣ 
970 |a ΧΑΤΖΗΜΙΧΑΗΛ  |b ΜΑΡΙΑ  |z 2008/01/17